| 000 | 00649nam a2200205 u 4500 | ||
|---|---|---|---|
| 005 | 20220603063701.0 | ||
| 008 | 080610s2003 r 000 0 eng d | ||
| 020 | _a8497770188 | ||
| 035 | _aUPN01000156714 | ||
| 049 | _aI | ||
| 050 | 4 |
_aPZ7 _bF6.7 |
|
| 100 | 1 |
_aFox, Sabrina, _d1958- |
|
| 245 | 1 | 1 |
_a¿Quién puede ayudarme a dormir? / _cSabrina Fox ; il. de Ann Rothan ; tr. Ana Pérez Galván. |
| 260 |
_aBarcelona, Esp. : _bObelisco, _c2003. |
||
| 300 |
_a[28] p. : _bprincipalmente il. col. |
||
| 534 |
_pTítulo original: _tWho can help me sleep? |
||
| 650 | 4 |
_aCuentos infantiles _96744 |
|
| 700 | 1 |
_aRothan Ann, _eil. |
|
| 905 | _aInfantil | ||
| 999 |
_c128828 _d128828 |
||